| 000 | 00735nam a2200217Ia 4500 | ||
|---|---|---|---|
| 003 | IN-BaIIA | ||
| 008 | 211028s9999 xx 000 0 eng d | ||
| 020 | _a0-521-35168-5 | ||
| 040 | _cIIA Library | ||
| 080 |
_a52(091) _bTAT |
||
| 100 |
_aTaton, Rene _920062 |
||
| 245 | 0 |
_aPlanetary astronomy from the renaissance to the rise of astrophysics _bpt. B, the eighteenth and nineteenth centuries. _cRene Taton |
|
| 260 |
_aUK, Cambridge _bCambridge University Press _c1995 |
||
| 300 | _axiii, 281p. | ||
| 650 |
_aAstronomy _980 |
||
| 650 |
_aAstrophysics _9794 |
||
| 650 |
_aEighteenth Century _920063 |
||
| 650 |
_aHistory _97064 |
||
| 650 |
_aNineteenth Century _918245 |
||
| 942 | _cBK | ||
| 999 |
_c11615 _d11615 |
||